Index RCA a komparatívne výhody Slovenskej republiky diplomová práca

Enregistré dans:
Détails bibliographiques
Auteur principal: Chovancová, Ivana
Collectivité auteur: Fakulta medzinárodných vzťahov EU. Katedra medzinárodných ekonomických vzťahov a hospodárskej diplomacie
Autres auteurs: Grančay, Martin, 1984-2024
Format: Livre
Langue:slovaque
Publié: Bratislava 2015
Tags: Ajouter un tag
Pas de tags, Soyez le premier à ajouter un tag!

MARC

LEADER 00000nbm a2200000 4500
001 0201167
005 20161212100027.5
041 0 |a slo 
044 |a SK 
245 1 0 |a Index RCA a komparatívne výhody Slovenskej republiky  |b diplomová práca  |c Ivana Chovancová ; školiteľ: Martin Grančay 
264 1 |a Bratislava  |c 2015 
300 |a 75 s. 
100 1 |a Chovancová, Ivana 
700 1 |a Grančay, Martin, 1984-2024 
710 2 |a Fakulta medzinárodných vzťahov EU. Katedra medzinárodných ekonomických vzťahov a hospodárskej diplomacie